[Event "OLOA 1920 SG G-W Dresden - SV Rochade M"]
[Site "?"]
[Date "2019.11.16"]
[Round "2.6"]
[White "Nake, Matthias"]
[Black "Waechter, Nathalie"]
[Result "1-0"]
[WhiteElo "2179"]
[BlackElo "2018"]
[PlyCount "107"]
[EventDate "2019.??.??"]

1. e4 d5 2. exd5 Nf6 3. Nc3 Nxd5 4. Nxd5 Qxd5 5. d4 Nc6 6. Be3 Bf5 7. c3 e6 8.
Nf3 Be7 9. Qa4 O-O 10. Bc4 Qd7 11. Bb5 Qd6 12. Bxc6 bxc6 13. O-O Be4 14. Nd2
Bd3 15. Rfd1 Rfb8 16. Nb3 Bb5 17. Qa5 Bc4 18. Nd2 Bd3 19. b3 Rb5 20. Qa4 Rh5
21. h3 Bb5 22. Qb4 Qd8 23. Qa5 Be2 24. Qa4 Bxd1 25. Rxd1 Qd5 26. c4 Qa5 27.
Qxc6 Rd8 28. a4 Bg5 29. f4 Bf6 30. Qf3 g6 31. g4 Rh4 32. Ne4 Be7 33. Bf2 Rh6
34. g5 Rh5 35. Kg2 h6 36. Ng3 Rh4 37. Ne4 Rh5 38. Ng3 Rh4 39. Be1 Bb4 40. Bf2
hxg5 41. fxg5 Rh7 42. c5 Rg7 43. Ne4 Qa6 44. Bg3 Rd5 45. Nf6+ Kf8 46. Nxd5 exd5
47. Bxc7 Qe6 48. Be5 Rh7 49. Qg4 Qa6 50. Rf1 Ba5 51. Rf6 Qb7 52. Qe6 Bd8 53.
Rf3 Bxg5 54. Qxg6 1-0

[Event "OLOA 1920 SG G-W Dresden - SV Rochade M"]
[Site "?"]
[Date "2019.11.16"]
[Round "2.7"]
[White "Kuna, Ralf-Michael"]
[Black "Dahl, Christoph"]
[Result "1-0"]
[WhiteElo "2109"]
[BlackElo "2186"]
[PlyCount "125"]
[EventDate "2019.??.??"]

1. e4 e5 2. Nf3 Nc6 3. Bb5 a6 4. Bxc6 dxc6 5. d4 exd4 6. Qxd4 Qxd4 7. Nxd4 Bd7
8. Be3 O-O-O 9. Nc3 Ne7 10. O-O-O Ng6 11. f3 Bd6 12. Nde2 Rde8 13. Bd4 f6 14.
Bf2 Ne5 15. Na4 f5 16. Ng3 Nc4 17. Nc5 Bf4+ 18. Kb1 Nd2+ 19. Ka1 fxe4 20. Nxd7
e3 21. Be1 Kxd7 22. Ne2 Bh6 23. Nc3 Kc8 24. Bxd2 exd2 25. Ne4 Rhf8 26. Kb1 Re6
27. Rhf1 Bf4 28. g3 Be3 29. c3 Bh6 30. Kc2 Re5 31. Kd3 g5 32. g4 Rf4 33. Nxd2
Bg7 34. Ne4 Rb5 35. Rd2 Ra5 36. a3 Re5 37. Re2 Kd7 38. Ng3 Rxe2 39. Kxe2 Be5
40. Ne4 h6 41. Nc5+ Kc8 42. Nd3 Rf6 43. Nxe5 Re6 44. f4 gxf4 45. Kf3 Rxe5 46.
Rf2 Kd7 47. Kxf4 Ke6 48. Kg3 h5 49. h3 hxg4 50. hxg4 Re1 51. Kh4 Kd5 52. g5 Kc4
53. Rf4+ Kd3 54. g6 Re7 55. Rf7 Re6 56. Kg5 Re2 57. Rf4 Kc2 58. g7 Re8 59. Rf2+
Kb3 60. Rf8 Re2 61. g8=Q+ Kxb2 62. Qc4 Rg2+ 63. Kh4 1-0

[Event "OLOA 1920 SG G-W Dresden - SV Rochade M"]
[Site "?"]
[Date "2019.11.16"]
[Round "2.8"]
[White "Butscher, Daniel"]
[Black "Hoffmann, Uwe"]
[Result "1-0"]
[WhiteElo "2066"]
[BlackElo "2127"]
[PlyCount "47"]
[EventDate "2019.??.??"]

1. d4 d5 2. Nc3 Nf6 3. Bf4 e6 4. e3 c5 5. Nb5 Na6 6. c3 Be7 7. a4 O-O 8. Bd3
Bd7 9. Nf3 c4 10. Bc2 Qb6 11. Ne5 Bxb5 12. axb5 Nc7 13. Bg5 Rfe8 14. Bxf6 Bxf6
15. Bxh7+ Kxh7 16. Qh5+ Kg8 17. Qxf7+ Kh7 18. Nd7 e5 19. Nxb6 axb6 20. Rxa8
Rxa8 21. O-O Nxb5 22. dxe5 Bg5 23. f4 Bh6 24. g4 1-0

[Event "OLOA 1920 FVS ASP Hoyerswerda - SG AE M"]
[Site "?"]
[Date "2019.11.16"]
[Round "2.2"]
[White "Orsag, Milan"]
[Black "Roehr, Tobias"]
[Result "1-0"]
[WhiteElo "2312"]
[BlackElo "2113"]
[PlyCount "63"]
[EventDate "2019.??.??"]

1. d4 Nf6 2. c4 g6 3. Nc3 d5 4. cxd5 Nxd5 5. Bd2 Bg7 6. e4 Nb6 7. Be3 Nc6 8. d5
Na5 9. Bd4 Bf6 10. Rc1 c6 11. Bxf6 exf6 12. Qd4 cxd5 13. exd5 O-O 14. Nf3 Re8+
15. Be2 Nac4 16. O-O Nd6 17. Rfd1 Bf5 18. Bb5 Re7 19. a4 Rc8 20. h3 Nbc4 21. b3
Ne5 22. Be2 a6 23. Nd2 Kg7 24. g4 g5 25. f4 gxf4 26. gxf5 Nxf5 27. Qxf4 Qb6+
28. Kh1 Nd4 29. Qf2 Ng6 30. Nde4 Rxe4 31. Nxe4 Rxc1 32. Rxc1 1-0

[Event "OLOA 1920 FVS ASP Hoyerswerda - SG AE M"]
[Site "?"]
[Date "2019.11.16"]
[Round "2.3"]
[White "Rafayevych, Vilen"]
[Black "Spivak, Ilya"]
[Result "1-0"]
[WhiteElo "2094"]
[BlackElo "2307"]
[PlyCount "47"]
[EventDate "2019.??.??"]

1. Nf3 d5 2. g3 Nf6 3. Bg2 c6 4. O-O Bf5 5. d3 h6 6. Nbd2 e6 7. Qe1 Bh7 8. e4
dxe4 9. dxe4 Na6 10. e5 Nb4 11. exf6 Nxc2 12. Qe5 gxf6 13. Qc3 Nxa1 14. Nd4 Rc8
15. Ne4 Bg7 16. Be3 f5 17. Nc5 Nc2 18. Qxc2 Bxd4 19. Nxb7 Qd7 20. Bxd4 Qxd4 21.
Rd1 f4 22. Qxc6+ Rxc6 23. Bxc6+ Ke7 24. Rxd4 1-0

[Event "OLOA 1920 FVS ASP Hoyerswerda - SG AE M"]
[Site "?"]
[Date "2019.11.16"]
[Round "2.4"]
[White "Jahnel, Guenther"]
[Black "Koenig, Marco"]
[Result "1-0"]
[WhiteElo "2178"]
[BlackElo "2093"]
[PlyCount "65"]
[EventDate "2019.??.??"]

1. d4 Nf6 2. c4 e6 3. Nc3 d5 4. Bg5 Be7 5. cxd5 exd5 6. Qc2 O-O 7. e3 c6 8. Bd3
h6 9. Bh4 Re8 10. Nge2 Nbd7 11. O-O Ne4 12. Bxe7 Qxe7 13. Rae1 Ndf6 14. f3 Nxc3
15. Nxc3 Qd6 16. Qf2 Be6 17. Rd1 Rad8 18. Rd2 b6 19. h3 Re7 20. Rfd1 c5 21. Bf1
Qc6 22. Bb5 Qb7 23. Rc1 a6 24. Bf1 cxd4 25. Rxd4 Rde8 26. Qd2 b5 27. b4 Nd7 28.
Nxd5 Bxd5 29. Rxd5 Nb6 30. Rd6 Rxe3 31. Qd4 Nc8 32. Rd7 Qb6 33. Rxc8 1-0

[Event "OLOA 1920 FVS ASP Hoyerswerda - SG AE M"]
[Site "?"]
[Date "2019.11.16"]
[Round "2.5"]
[White "Noack, Marcel"]
[Black "Kesik, Klaus-Dieter"]
[Result "1/2-1/2"]
[WhiteElo "2013"]
[BlackElo "2224"]
[PlyCount "94"]
[EventDate "2019.??.??"]

1. Nc3 d5 2. e4 c6 3. d4 dxe4 4. Nxe4 Bf5 5. Ng3 Bg6 6. N1e2 Nf6 7. Nf4 Nd5 8.
h4 Nxf4 9. Bxf4 h6 10. h5 Bh7 11. c3 e6 12. Qb3 b6 13. Bc4 Bd6 14. Bxd6 Qxd6
15. O-O O-O 16. Rfe1 Re8 17. d5 cxd5 18. Bxd5 Nc6 19. Bf3 Rad8 20. Qb5 Ne7 21.
Rad1 Qc7 22. Rd4 Kf8 23. Red1 Rxd4 24. Rxd4 Rd8 25. Rxd8+ Qxd8 26. Qa6 Qb8 27.
Qb5 Qc7 28. c4 Bd3 29. b3 f5 30. Qb4 e5 31. Bd5 Qc5 32. Qc3 Qd4 33. Qd2 f4 34.
Ne2 Bxe2 35. Qxe2 Nxd5 36. cxd5 Qxd5 37. Qc2 Qd7 38. Kh2 Qg4 39. Qc7 Qxh5+ 40.
Kg1 Qd1+ 41. Kh2 Qd4 42. Qxa7 Kg8 43. Qe7 f3 44. Qe6+ Kf8 45. Qf5+ Ke7 46. Qxf3
g5 47. Qb7+ Kf6 1/2-1/2

[Event "OLOA 1920 FVS ASP Hoyerswerda - SG AE M"]
[Site "?"]
[Date "2019.11.16"]
[Round "2.6"]
[White "Boehm, Robert"]
[Black "Brueggemann, Florian"]
[Result "1/2-1/2"]
[WhiteElo "2148"]
[BlackElo "1987"]
[PlyCount "113"]
[EventDate "2019.??.??"]

1. Nf3 Nf6 2. c4 g6 3. Nc3 Bg7 4. e4 d6 5. d4 O-O 6. Be2 c6 7. O-O Na6 8. Re1
Bg4 9. h3 Bxf3 10. Bxf3 e5 11. Be3 Qe7 12. Qd2 Rfd8 13. Rad1 Nc7 14. d5 c5 15.
a3 Na6 16. Bg5 Qf8 17. Qe2 Re8 18. Nb5 Kh8 19. Rb1 Nd7 20. g4 f6 21. Be3 Rec8
22. Kg2 Nc7 23. Nc3 Bh6 24. Qd2 Bxe3 25. Qxe3 Qe7 26. Be2 Rg8 27. Bd3 Nf8 28.
h4 f5 29. exf5 Qxh4 30. Qg3 Qe7 31. Rh1 b5 32. cxb5 e4 33. Bxe4 Nxb5 34. Rbe1
Nd4 35. fxg6 Qd7 36. Rh6 Rg7 37. f3 Rb8 38. gxh7 Rxb2+ 39. Kg1 Nf5 40. Bxf5
Qxf5 41. Ne4 Qxd5 42. Qxd6 Qxd6 43. Nxd6 Rxh7 44. Rxh7+ Nxh7 45. Re8+ Kg7 46.
Ne4 Nf6 47. Re7+ Kf8 48. Rxa7 Nxe4 49. fxe4 Re2 50. Ra4 Rc2 51. Kf1 Kf7 52. e5
Ra2 53. Ra6 c4 54. Rc6 Rxa3 55. Rxc4 Ke6 56. Re4 Ra2 57. Re2 1/2-1/2

[Event "OLOA 1920 FVS ASP Hoyerswerda - SG AE M"]
[Site "?"]
[Date "2019.11.16"]
[Round "2.7"]
[White "Windelband, Jens"]
[Black "Grohmann, Alexander"]
[Result "1/2-1/2"]
[WhiteElo "2092"]
[BlackElo "1984"]
[PlyCount "51"]
[EventDate "2019.??.??"]

1. e4 c5 2. Nf3 d6 3. d4 cxd4 4. Nxd4 Nf6 5. Nc3 a6 6. g3 e6 7. Bg2 Be7 8. O-O
Qc7 9. h3 O-O 10. a4 Nc6 11. Nde2 Nb4 12. f4 Qc5+ 13. Kh2 Rd8 14. Nd4 e5 15.
Nb3 Qc6 16. Rf2 Be6 17. Qe2 Rac8 18. f5 Bc4 19. Na5 Qc7 20. Nxc4 Qxc4 21. Bg5
Qxe2 22. Rxe2 Ng4+ 23. hxg4 Bxg5 24. Rd1 Rc5 25. Kg1 Kf8 26. Kf1 1/2-1/2

[Event "OLOA 1920 FVS ASP Hoyerswerda - SG AE M"]
[Site "?"]
[Date "2019.11.16"]
[Round "2.8"]
[White "Heyme, Sibylle"]
[Black "Roehr, Oliver"]
[Result "1-0"]
[WhiteElo "2046"]
[BlackElo "2048"]
[PlyCount "101"]
[EventDate "2019.??.??"]

1. Nf3 Nf6 2. c4 e6 3. g3 Be7 4. Bg2 O-O 5. O-O d5 6. cxd5 exd5 7. d3 c5 8.
Nbd2 Nc6 9. b3 Ng4 10. Bb2 Bf6 11. Bxf6 Qxf6 12. Rc1 b6 13. h3 Nge5 14. a3 Bb7
15. Qc2 Rac8 16. Qb1 a5 17. Rfe1 Rfe8 18. Nxe5 Qxe5 19. Nf3 Qd6 20. Qb2 Re7 21.
Nh4 g6 22. Nf3 Rce8 23. Rc2 Ba6 24. Rd2 Ne5 25. Nxe5 Rxe5 26. Bf3 Qf6 27. Bxd5
Rd8 28. Bg2 Qe6 29. Rc1 h5 30. b4 cxb4 31. Rc6 Qe7 32. Rxb6 bxa3 33. Qb3 Bc8
34. Rxg6+ Kf8 35. Rb6 Qc5 36. d4 Qe7 37. Rb8 Kg7 38. Rxc8 Rxe2 39. Rxe2 Qxe2
40. Rc1 Qb2 41. Rb1 Qxd4 42. Qxa3 a4 43. Qa1 Qxa1 44. Rxa1 Rd4 45. Bc6 h4 46.
Rxa4 Rd1+ 47. Kg2 hxg3 48. fxg3 Rd3 49. Be4 Rb3 50. g4 Kf6 51. Ra5 1-0

[Event "OLOA 1920 Nickelhütte Aue II - SG Leip"]
[Site "?"]
[Date "2019.11.17"]
[Round "3.1"]
[White "Schubert, Thomas"]
[Black "Pulpan, Jakub"]
[Result "1/2-1/2"]
[WhiteElo "2309"]
[BlackElo "2423"]
[PlyCount "90"]
[EventDate "2019.??.??"]

1. Nf3 Nf6 2. c4 e6 3. b3 b6 4. g3 Bb7 5. Bg2 Be7 6. O-O O-O 7. Bb2 d5 8. cxd5
exd5 9. d4 Re8 10. Nc3 Nbd7 11. Ne5 Nf8 12. e3 Ne6 13. f4 c5 14. Kh1 cxd4 15.
exd4 Rc8 16. a3 Ne4 17. Qd3 f6 18. Ng4 f5 19. Ne5 Bd6 20. Qe3 Qe7 21. Rfc1 a6
22. b4 a5 23. bxa5 bxa5 24. Nb5 Bb8 25. Rxc8 Rxc8 26. Rc1 Rxc1+ 27. Qxc1 Qe8
28. a4 Bxe5 29. fxe5 Bc6 30. Nd6 Qd7 31. Nxf5 N6c5 32. Bxe4 dxe4 33. Qc4+ Kh8
34. Ne3 Nd3 35. d5 Bxd5 36. Qxd5 Qxd5 37. Nxd5 Nxb2 38. Nc3 Kg8 39. Kg2 Kf7 40.
Nxe4 Ke6 41. Nc5+ Kxe5 42. Nb3 Nc4 43. Kf3 h5 44. h4 Kf5 45. Nd4+ Ke5 1/2-1/2

[Event "OLOA 1920 Nickelhütte Aue II - SG Leip"]
[Site "?"]
[Date "2019.11.17"]
[Round "3.2"]
[White "Cerveny, Martin"]
[Black "Boehnisch, Manfred"]
[Result "1-0"]
[WhiteElo "2357"]
[BlackElo "2266"]
[PlyCount "83"]
[EventDate "2019.??.??"]

1. d4 d5 2. c4 c6 3. Nf3 Nf6 4. e3 g6 5. Nc3 Bg7 6. Bd2 O-O 7. Rc1 Ne4 8. cxd5
Nxd2 9. Nxd2 cxd5 10. Qb3 e6 11. f4 Nd7 12. Bd3 b6 13. O-O Bb7 14. Rc2 Qe7 15.
a4 a6 16. Rfc1 Rfc8 17. Nf3 Bf8 18. Na2 Qd6 19. g4 Rxc2 20. Rxc2 Rc8 21. Rxc8
Bxc8 22. g5 Qc6 23. h4 Bd6 24. Kf2 Kg7 25. Nc3 Bb7 26. h5 gxh5 27. Ne2 f5 28.
Qd1 Nf8 29. Ng3 Qe8 30. Nh4 Be7 31. Nxh5+ Kh8 32. Ng3 Bc6 33. Qc1 b5 34. a5 Bd6
35. Nf3 Bd7 36. Qh1 Ng6 37. Nh5 Be7 38. Nf6 Bxf6 39. gxf6 Qg8 40. Ng5 Be8 41.
Qh6 Bd7 42. Be2 1-0

[Event "OLOA 1920 Nickelhütte Aue II - SG Leip"]
[Site "?"]
[Date "2019.11.17"]
[Round "3.4"]
[White "Langrock, Hannes"]
[Black "Schunk, Thomas"]
[Result "1/2-1/2"]
[WhiteElo "2350"]
[BlackElo "2107"]
[PlyCount "33"]
[EventDate "2019.??.??"]

1. d4 f5 2. Bg5 Nf6 3. Bxf6 exf6 4. e3 d5 5. c4 Bb4+ 6. Nc3 O-O 7. Qb3 Bxc3+ 8.
bxc3 dxc4 9. Bxc4+ Kh8 10. Ne2 Nc6 11. Qc2 Qd6 12. h4 g6 13. Nf4 Bd7 14. Kf1 b6
15. h5 g5 16. Ne2 Ne7 17. Rd1 1/2-1/2

[Event "OLOA 1920 Nickelhütte Aue II - SG Leip"]
[Site "?"]
[Date "2019.11.17"]
[Round "3.5"]
[White "Schultz, Andreas"]
[Black "Wichmann, Cliff"]
[Result "0-1"]
[WhiteElo "2175"]
[BlackElo "2293"]
[PlyCount "100"]
[EventDate "2019.??.??"]

1. d4 d5 2. c4 e6 3. Nc3 Nf6 4. cxd5 exd5 5. Bg5 c6 6. e3 Qb6 7. Qc2 Ne4 8. Bh4
Na6 9. a3 Qa5 10. Bxa6 Nxc3 11. bxc3 Qxa6 12. Ne2 Bd6 13. O-O O-O 14. Bg3 Be7
15. f3 c5 16. Nf4 Rd8 17. e4 Be6 18. Rfe1 cxd4 19. exd5 Bc5 20. Qb3 dxc3+ 21.
Kh1 Bf5 22. Qxc3 Rac8 23. Qe5 Bd7 24. Red1 Ba4 25. Rdc1 Bf8 26. Rxc8 Rxc8 27.
Qf5 Qc4 28. Nh3 g6 29. Qe4 Bd7 30. Nf2 f5 31. Qxc4 Rxc4 32. Be5 Rc5 33. Bd4
Rxd5 34. Bxa7 Ra5 35. Bb6 Rxa3 36. Rxa3 Bxa3 37. Nd3 Kf7 38. Kg1 Bb5 39. Nc5
Bc6 40. Kf2 Ke7 41. Nd3 Bb5 42. Ke3 Kd6 43. g4 fxg4 44. fxg4 Bxd3 45. Kxd3 Bc5
46. Bd8 Kd5 47. Bf6 Bd6 48. h3 b5 49. Bc3 b4 50. Bd2 b3 0-1

[Event "OLOA 1920 Nickelhütte Aue II - SG Leip"]
[Site "?"]
[Date "2019.11.17"]
[Round "3.6"]
[White "Jurasek, Miroslav"]
[Black "Fasshauer, Jacob"]
[Result "1/2-1/2"]
[WhiteElo "2219"]
[BlackElo "2096"]
[PlyCount "42"]
[EventDate "2019.??.??"]

1. c4 c5 2. g3 Nc6 3. Bg2 e6 4. Nc3 g6 5. Nh3 Bg7 6. Nf4 Nge7 7. h4 h6 8. d3 a6
9. Bd2 Rb8 10. Ne4 d6 11. Bc3 e5 12. Nd2 b5 13. b3 O-O 14. Nd5 Nxd5 15. cxd5
Ne7 16. e4 f5 17. Nf1 Kh7 18. Bh3 Ng8 19. h5 Qf6 20. hxg6+ Qxg6 21. Qe2 Nf6
1/2-1/2

[Event "OLOA 1920 Nickelhütte Aue II - SG Leip"]
[Site "?"]
[Date "2019.11.17"]
[Round "3.7"]
[White "Roemling, Sven"]
[Black "Heinz, Thomas"]
[Result "1/2-1/2"]
[WhiteElo "2178"]
[BlackElo "2178"]
[PlyCount "74"]
[EventDate "2019.??.??"]

1. Nf3 d5 2. g3 g6 3. Bg2 Bg7 4. O-O Nf6 5. c4 c6 6. Na3 O-O 7. d3 Nbd7 8. cxd5
cxd5 9. Bd2 e5 10. Qc2 Re8 11. Rfc1 Qb6 12. Be3 d4 13. Bd2 Nf8 14. Nc4 Qa6 15.
Nfxe5 Be6 16. Bb4 Rac8 17. Qd2 Bd5 18. Nf3 Ne4 19. dxe4 Bxc4 20. Nxd4 Ne6 21.
e3 Red8 22. Bc3 Nc5 23. b3 Bd3 24. f3 Bb5 25. a4 Nxb3 26. Qb2 Nxd4 27. axb5
Rxc3 28. bxa6 Rxc1+ 29. Qxc1 Ne2+ 30. Kf1 Nxc1 31. Rxc1 bxa6 32. Rc7 a5 33.
Rxa7 Bc3 34. h4 Rd1+ 35. Ke2 Rd2+ 36. Kf1 Rd1+ 37. Ke2 Rd2+ 1/2-1/2

[Event "OLOA 1920 Nickelhütte Aue II - SG Leip"]
[Site "?"]
[Date "2019.11.17"]
[Round "3.8"]
[White "Heinz, Juergen"]
[Black "Haufe, Laurin"]
[Result "0-1"]
[WhiteElo "2209"]
[BlackElo "1920"]
[PlyCount "106"]
[EventDate "2019.??.??"]

1. d4 Nf6 2. Nf3 g6 3. g3 Bg7 4. Bg2 O-O 5. O-O d6 6. c4 Nbd7 7. Nc3 c6 8. e3
e5 9. Qc2 Qc7 10. b3 exd4 11. Nxd4 Nc5 12. Bb2 Re8 13. Rad1 Ne6 14. Nce2 Bd7
15. Nxe6 Bxe6 16. Nd4 Bd7 17. e4 Rad8 18. Ne2 Nh5 19. Bxg7 Nxg7 20. Qd2 Bc8 21.
h4 a6 22. Kh2 Qe7 23. Rfe1 Bg4 24. f3 Bc8 25. Nd4 Qc7 26. f4 Bg4 27. Bf3 Bxf3
28. Nxf3 f5 29. exf5 Nxf5 30. Ng5 Qd7 31. Ne4 Qg7 32. Qf2 Re7 33. Ng5 Rde8 34.
Rxe7 Qxe7 35. Rd3 Qe2 36. Qxe2 Rxe2+ 37. Kh3 h5 38. a3 Kf8 39. Nf3 Ke7 40. b4
Re3 41. Rxe3+ Nxe3 42. c5 dxc5 43. bxc5 Nc4 44. a4 Nb2 45. Ne5 Nxa4 46. g4 Nxc5
47. Nxg6+ Kf6 48. gxh5 a5 49. Kg4 a4 50. f5 a3 51. h6 Nd7 52. h5 Kf7 53. Kg5
Kg8 0-1

[Event "OLOA 1920 SG Leipzig I - SG 1871 Löber"]
[Site "?"]
[Date "2019.11.17"]
[Round "3.1"]
[White "Stein, Robert"]
[Black "Natsidis, Christoph"]
[Result "0-1"]
[WhiteElo "2325"]
[BlackElo "2316"]
[PlyCount "164"]
[EventDate "2019.??.??"]

1. d4 Nf6 2. c4 c5 3. d5 b5 4. cxb5 a6 5. bxa6 g6 6. Nc3 Bg7 7. e4 O-O 8. a7
Rxa7 9. Nf3 d6 10. Be2 Ba6 11. O-O Nbd7 12. a4 Ne8 13. Bxa6 Rxa6 14. Qe2 Nc7
15. Bg5 Re8 16. Nd2 Qa8 17. Nc4 Bxc3 18. bxc3 f6 19. Bd2 Rxa4 20. Rxa4 Qxa4 21.
h4 Qb5 22. Re1 Ra8 23. Bf4 Ra4 24. Nd2 Qxe2 25. Rxe2 Kf7 26. g3 Nb5 27. Re3 Nb6
28. Rf3 Ke8 29. g4 Nc4 30. Nf1 Ra3 31. Nd2 Rxc3 32. Rxc3 Nxc3 33. Nxc4 Ne2+ 34.
Kg2 Nxf4+ 35. Kg3 Ne2+ 36. Kf3 Nc3 37. Ke3 Kd7 38. f4 Nd1+ 39. Ke2 Nc3+ 40. Kd3
Nb5 41. f5 Ke8 42. Ke3 Kf7 43. Kf4 Nd4 44. Nb6 gxf5 45. exf5 h6 46. Nc4 Ne2+
47. Ke3 Nc3 48. Nb6 Ke8 49. Kd3 Nb5 50. Nc4 Nd4 51. Ke4 Kd8 52. Ne3 Nb5 53. Kd3
Ke8 54. Ng2 Nd4 55. Ke4 Ne2 56. Ke3 Nc3 57. Nf4 Na4 58. Kd3 Nb6 59. Ke4 Nd7 60.
Ne6 Ne5 61. g5 fxg5 62. hxg5 hxg5 63. Nxg5 Ng4 64. Kd3 Nf6 65. Kc4 Kf8 66. Ne6+
Kf7 67. Ng5+ Kg7 68. Ne6+ Kh6 69. Kb5 Nxd5 70. Kc6 Nf6 71. Kc7 c4 72. Kd8 c3
73. Nd4 Ng8 74. Kd7 Kg5 75. Ke6 Nh6 76. Ne2 c2 77. Kxe7 Nxf5+ 78. Kd7 d5 79.
Nc1 d4 80. Kc6 Kf4 81. Kd5 Ke3 82. Kc4 Kd2 0-1

[Event "OLOA 1920 SG Leipzig I - SG 1871 Löber"]
[Site "?"]
[Date "2019.11.17"]
[Round "3.2"]
[White "Richter, Leonard"]
[Black "Pallas, Sebastian"]
[Result "1-0"]
[WhiteElo "2262"]
[BlackElo "2272"]
[PlyCount "81"]
[EventDate "2019.??.??"]

1. e4 c5 2. Nf3 d6 3. d4 cxd4 4. Nxd4 Nf6 5. Nc3 a6 6. Bg5 e6 7. f4 Be7 8. Qf3
Qc7 9. O-O-O Nbd7 10. Bd3 h6 11. Bh4 g5 12. fxg5 Ne5 13. Qe2 Nfg4 14. Nf3 hxg5
15. Bg3 Bd7 16. h3 Nf6 17. h4 gxh4 18. Nxe5 dxe5 19. Bxh4 O-O-O 20. Rdf1 Rh6
21. Bxf6 Rxf6 22. Kb1 Be8 23. Rh7 Rg6 24. Rf3 Qc5 25. Qf1 Kb8 26. a3 Rg8 27.
Rfxf7 Bxf7 28. Qxf7 Rge8 29. Qxe6 Ka7 30. Nd5 Bd6 31. Qf7 Qc6 32. g4 Rf8 33.
Qh5 Rf2 34. g5 Rc8 35. Ka2 Rxc2 36. Bxc2 Qxc2 37. Qf3 Rg8 38. Nc3 Rc8 39. g6
Bc5 40. Qf7 Rb8 41. g7 1-0

[Event "OLOA 1920 SG Leipzig I - SG 1871 Löber"]
[Site "?"]
[Date "2019.11.17"]
[Round "3.3"]
[White "Niegsch, Nicolas"]
[Black "Nguyen, Alex Dac-Vuong"]
[Result "0-1"]
[WhiteElo "2309"]
[BlackElo "2301"]
[PlyCount "90"]
[EventDate "2019.??.??"]

1. Nf3 Nf6 2. c4 c5 3. b3 d5 4. cxd5 Nxd5 5. Bb2 Nc6 6. Nc3 Bg4 7. e3 Ndb4 8.
Qb1 Qd7 9. a3 Bxf3 10. gxf3 Rd8 11. Ne4 f5 12. axb4 fxe4 13. Be2 Qxd2+ 14. Kf1
cxb4 15. fxe4 e5 16. Ra2 Qd7 17. Rg1 Qh3+ 18. Rg2 Be7 19. Bg4 Qh6 20. Qc2 O-O
21. Kg1 Rf6 22. Ra1 Rfd6 23. Rd1 Rxd1+ 24. Bxd1 Qd6 25. Be2 Bf6 26. Bc1 Na5 27.
h3 Qc6 28. Qb2 Rc8 29. Bd2 Qc2 30. Qxc2 Rxc2 31. Bxb4 Nc6 32. Bc4+ Rxc4 33.
bxc4 Nxb4 34. f3 Kf7 35. Rd2 Ke6 36. Kf2 a5 37. Rd1 Be7 38. f4 g6 39. Kf3 Nc6
40. f5+ gxf5 41. exf5+ Kxf5 42. Rd7 a4 43. Rxb7 a3 44. Rb6 e4+ 45. Ke2 a2 0-1

[Event "OLOA 1920 SG Leipzig I - SG 1871 Löber"]
[Site "?"]
[Date "2019.11.17"]
[Round "3.4"]
[White "Heistermann, Till"]
[Black "Reizniece-Ozola, Dana"]
[Result "0-1"]
[WhiteElo "2186"]
[BlackElo "2305"]
[PlyCount "108"]
[EventDate "2019.??.??"]

1. d4 Nf6 2. Bf4 g6 3. e3 Bg7 4. Nf3 O-O 5. h3 d6 6. c3 Nfd7 7. Nbd2 e5 8. dxe5
dxe5 9. Bh2 Nc6 10. Bb5 Qe7 11. O-O Ndb8 12. Qe2 Be6 13. e4 Nd7 14. Rfe1 Rfd8
15. Nc4 Bxc4 16. Qxc4 Nb6 17. Qe2 Rd6 18. Red1 Rad8 19. Bxc6 bxc6 20. b3 f6 21.
Kf1 Bh6 22. Ke1 Qe6 23. Qa6 Qd7 24. Qe2 c5 25. g4 Qe6 26. c4 Nc8 27. Rxd6 cxd6
28. Qd3 Ne7 29. Ke2 Qc8 30. Ne1 a5 31. Nc2 Nc6 32. f3 a4 33. Bg3 Qa6 34. Be1
axb3 35. axb3 Qb6 36. Ra3 Nd4+ 37. Nxd4 exd4 38. Ba5 Qa7 39. Ra4 Re8 40. Kd1
Qb8 41. Be1 f5 42. gxf5 gxf5 43. Ra2 fxe4 44. fxe4 Qb7 45. Rg2+ Bg7 46. Rg4 Rb8
47. b4 cxb4 48. Bf2 b3 49. Bxd4 b2 50. Qb1 Qb3+ 51. Kd2 Rb7 52. Qg1 b1=N+ 53.
Ke1 Qb4+ 54. Kd1 Qd2# 0-1

[Event "OLOA 1920 SG Leipzig I - SG 1871 Löber"]
[Site "?"]
[Date "2019.11.17"]
[Round "3.5"]
[White "Schuetze, Norman"]
[Black "Roesemann, Rainer"]
[Result "1-0"]
[WhiteElo "2276"]
[BlackElo "2244"]
[PlyCount "79"]
[EventDate "2019.??.??"]

1. e4 c5 2. Nf3 d6 3. d4 cxd4 4. Nxd4 Nf6 5. Nc3 g6 6. Be3 Bg7 7. f3 Nc6 8. Qd2
O-O 9. O-O-O d5 10. exd5 Nxd5 11. Nxc6 bxc6 12. Bd4 Bxd4 13. Qxd4 Qb6 14. Na4
Qc7 15. h4 Rb8 16. a3 Nf4 17. Qe3 h5 18. g3 Nd5 19. Qg5 Qa5 20. b3 Bf5 21. Bc4
Nb6 22. g4 Nxc4 23. gxf5 Rb5 24. Qf4 Ne5 25. Rhg1 Kg7 26. Qe4 Qc7 27. Nc3 Rb7
28. Rde1 f6 29. Ne2 Qa5 30. Kb2 Rfb8 31. Rd1 Qc5 32. Rd4 a5 33. Nf4 Nc4+ 34.
Rxc4 Qxg1 35. fxg6 Qh2 36. Ne6+ Kh6 37. Nc5 Rb5 38. f4 Qxh4 39. Qxe7 Rh8 40.
Ne6 1-0

[Event "OLOA 1920 SG Leipzig I - SG 1871 Löber"]
[Site "?"]
[Date "2019.11.17"]
[Round "3.6"]
[White "Gempe, Thomas"]
[Black "Mertens, Fridolin"]
[Result "1/2-1/2"]
[WhiteElo "2190"]
[BlackElo "2133"]
[PlyCount "21"]
[EventDate "2019.??.??"]

1. d4 Nf6 2. c4 g6 3. Nc3 Bg7 4. e4 d6 5. Nf3 O-O 6. Be2 Nbd7 7. O-O e5 8. Re1
c6 9. Bf1 exd4 10. Nxd4 Re8 11. Nc2 1/2-1/2

[Event "OLOA 1920 SG Leipzig I - SG 1871 Löber"]
[Site "?"]
[Date "2019.11.17"]
[Round "3.7"]
[White "Proehl, Holger"]
[Black "Rausch, Stephan"]
[Result "1/2-1/2"]
[WhiteElo "2336"]
[BlackElo "2256"]
[PlyCount "219"]
[EventDate "2019.??.??"]

1. e4 e6 2. d4 d5 3. exd5 exd5 4. c4 Nf6 5. Nc3 c6 6. Bd3 Bb4 7. Nge2 dxc4 8.
Bxc4 O-O 9. O-O Bg4 10. Qb3 Qb6 11. Be3 Bd6 12. Qc2 Qa5 13. Ng3 Nbd7 14. Nce4
Nxe4 15. Nxe4 Bf5 16. Bd3 Bxe4 17. Bxe4 Nf6 18. Bf3 Rfe8 19. a3 Qc7 20. g3 Qd7
21. Bg5 Nd5 22. Rfe1 h6 23. Bd2 Be7 24. Rac1 Bf6 25. Qc5 Nb6 26. Be3 Red8 27.
Red1 Nd5 28. Bg2 Be7 29. Qc4 Bf6 30. Qb3 Nxe3 31. fxe3 Re8 32. d5 cxd5 33. Rxd5
Qe7 34. e4 Rac8 35. Rcd1 Rc7 36. R5d2 Rec8 37. Bh3 Bg5 38. Bxc8 Bxd2 39. Rxd2
Rc1+ 40. Kf2 Qc5+ 41. Ke2 Qxc8 42. Qd5 Qg4+ 43. Kf2 Qh3 44. Ke3 Re1+ 45. Kd4
Qc8 46. Kd3 b6 47. Qb5 Rc1 48. Ke3 Re1+ 49. Kf3 Rb1 50. Kg2 g6 51. Qe5 Rc1 52.
Rd6 Rc2+ 53. Kf3 h5 54. h3 Rc6 55. Rxc6 Qxc6 56. h4 Qd7 57. Ke3 b5 58. b4 a6
59. Ke2 Qc8 60. Kf3 Qc1 61. Qe8+ Kg7 62. Qe5+ Kh7 63. Qd5 Qxa3+ 64. Kg2 Qb2+
65. Kf3 Kg7 66. Qc5 Qa2 67. Qe5+ Kh7 68. Qe7 Qa3+ 69. Kf2 Qb2+ 70. Kf3 Kg7 71.
e5 Qc3+ 72. Kf2 Qd4+ 73. Kf3 Qg4+ 74. Kf2 Qf5+ 75. Kg2 Qe6 76. Qc5 Qd7 77. Qc3
Kh7 78. Kf2 Qf5+ 79. Ke3 Qg4 80. Kf2 Qe4 81. Qc5 Kg7 82. Qd6 Kh7 83. Qe7 Qd4+
84. Kg2 Kg8 85. Kf3 Qd3+ 86. Kf2 a5 87. Qe8+ Kg7 88. bxa5 Qd2+ 89. Kf3 Qxa5 90.
e6 Qc3+ 91. Kg2 Qc2+ 92. Kg1 Qc5+ 93. Kg2 Qc2+ 94. Kg1 Qc5+ 95. Kg2 fxe6 96.
Qxe6 Qc2+ 97. Kg1 Qc7 98. Qb3 Qb6+ 99. Kg2 b4 100. Qb2+ Kf7 101. Qb3+ Ke7 102.
Qg8 b3 103. Qg7+ Kd8 104. Qf8+ Kc7 105. Qe7+ Kc8 106. Qe8+ Kb7 107. Qd7+ Ka8
108. Qa4+ Kb7 109. Qd7+ Kb8 110. Qe8+ 1/2-1/2

[Event "OLOA 1920 SG Leipzig I - SG 1871 Löber"]
[Site "?"]
[Date "2019.11.17"]
[Round "3.8"]
[White "Liedtke, Matthias"]
[Black "Schindler, Christian"]
[Result "0-1"]
[WhiteElo "2270"]
[BlackElo "2175"]
[PlyCount "86"]
[EventDate "2019.??.??"]

1. e4 e6 2. d4 d5 3. Nc3 Nf6 4. e5 Nfd7 5. f4 c5 6. Nce2 Nc6 7. c3 b6 8. Ng3
cxd4 9. cxd4 Bb4+ 10. Bd2 Qe7 11. a3 Bxd2+ 12. Qxd2 Na5 13. Qf2 g6 14. Nf3 Bb7
15. Rc1 O-O 16. Bd3 Rac8 17. Rd1 Nb8 18. h4 h5 19. Rh3 Rc7 20. Nxh5 gxh5 21.
Rg3+ Kh8 22. Rg5 f6 23. exf6 Qxf6 24. Qg3 Rg7 25. Rxh5+ Kg8 26. Ng5 Rff7 27.
Qe3 Re7 28. Qe5 Nd7 29. Qxf6 Nxf6 30. Rh6 Ng4 31. Rxe6 Rxe6+ 32. Nxe6 Re7 33.
f5 Bc8 34. Kd2 Nf2 35. Re1 Nxd3 36. Kxd3 Nc4 37. Kc3 Nd6 38. g4 Ne4+ 39. Rxe4
dxe4 40. d5 Bb7 41. Kd4 e3 42. d6 e2 43. dxe7 Bc6 0-1